|
|
|
|
| LEADER |
00000nab#a22000007a#4500 |
| 001 |
arbauad029371 |
| 003 |
AR-BaUAD |
| 005 |
20250711112358.0 |
| 008 |
971127|||||||||###||||||b###|0###a|spa|| |
| 040 |
|
|
|a AR-BaUAD
|c AR-BaUAD
|b spa
|
| 245 |
1 |
0 |
|a La luna roja dibujada
|
| 300 |
0 |
|
|b fot.
|
| 653 |
|
|
|a UNIVERSIDAD DE BUENOS AIRES
|
| 653 |
|
|
|a CBC
|
| 653 |
|
|
|a CICLO BASICO COMUN
|
| 653 |
|
|
|a INTRODUCCION AL CONOCIMIENTO PROYECTUAL
|
| 653 |
|
|
|a CATEDRA MANTEOLA
|
| 653 |
|
|
|a CATEDRA DAITCH
|
| 653 |
|
|
|a CATEDRA SZTULWARK
|
| 653 |
|
|
|a CATEDRA TURRILLO
|
| 773 |
0 |
|
|t SUMMA+
|g no. 27 [oct.-nov. 1997], p. 132-133
|
| 942 |
|
|
|c ARTI
|
| 952 |
|
|
|0 0
|1 0
|4 0
|7 0
|9 74290
|a AR-BAuAD
|b AR-BAuAD
|d 2025-07-11
|l 0
|p AAQA029371
|r 2025-07-11 11:23:58
|w 2025-07-11
|y ARTI
|
| 990 |
|
|
|a AQ199
|b TD
|
| 998 |
|
|
|a AAQ
|b BIBUN76
|
| 999 |
|
|
|c 53963
|d 53963
|